Ábel második hazatérése
Elmentve itt :
| Szerző: | |
|---|---|
| Adatforrás: | Meister |
| Forrásdokumentuma: | Helikon. - 24 sz., 1990, 3 p. |
| Nyelv: | magyar |
| Kulcsszavak: | művelődési élet kulturális intézmények Farkaslaka Tamási Áron Művelődési Egyesület (Farkaslaka) |
| LEADER | 00461nab a2200157 i 4500 | ||
|---|---|---|---|
| 001 | bibPRO00008744 | ||
| 008 | 060524s1990 xx hun | ||
| 040 | |a Sz1 | ||
| 041 | |a hun | ||
| 100 | 1 | |a BÖLÖNI Domokos | |
| 245 | 1 | 0 | |a Ábel második hazatérése |c BÖLÖNI Domokos |
| 695 | |a művelődési élet | ||
| 695 | |a kulturális intézmények | ||
| 695 | |a Farkaslaka | ||
| 695 | |a Tamási Áron Művelődési Egyesület (Farkaslaka) | ||
| 773 | 0 | |t Helikon. - |g 24 sz., 1990, 3 p. | |